| 000 | 00667nam a22002297a 4500 | ||
|---|---|---|---|
| 003 | OSt | ||
| 005 | 20260408075113.0 | ||
| 008 | 260408b |||||||| |||| 00| 0 eng d | ||
| 020 | _a9780716638063 | ||
| 040 | _cHS LRC | ||
| 050 |
_aDK 265 _b.F524ru 2018 |
||
| 100 |
_aFirme, Tom _9131530 |
||
| 245 |
_aRussian revolution : _bof 1917 / _cTom Firme |
||
| 260 |
_aChicago, Illilnois : _bWorld Book, _cc2018. |
||
| 265 | _aPES | ||
| 300 |
_a128 pages : _bcolor illustrations ; _c24 cm. |
||
| 365 | _b2,250.00 | ||
| 440 |
_aHistory Summarized _9131531 |
||
| 504 | _aIncludes index. | ||
| 650 |
_aSoviet union _xHistory _yRevolution, 1917-1921 _9131622 |
||
| 942 |
_2lcc _cBK |
||
| 999 |
_c94074 _d94074 |
||